00617nam a2200205 a 450000100060000000300080000600500170001400800410003103500190007204000380009104100080012908200260013710000300016324500580019326000410025130000210029249000450031350000180035865000350037648256BD-RjUL20211209054504.0160813s1965 enk 001 0 eng  a(BD-RjUL)48375 aDLCcNcBoAdUkdDLCdBD-RjULbeng aeng a361.942223bPAL 196510aParker, Juliaq(Julia R.)10aLocal health and welfare services /cby Julia Parker. aLondon :bG. Allen and Unwin,cc1965 a188 p. ;c23 cm.0 aThe New town and country hall series [9] aInclude index 0aPublic welfarezGreat Britain.